| 000 | 00688nam a2200217Ii 4500 | ||
|---|---|---|---|
| 003 | JO-AjNU | ||
| 008 | 230605s9999||||xx |||||||||||||| ||und|| | ||
| 017 | _a1980/1323 | ||
| 040 |
_aJO-AjNU _bara _erda _cJO-AjNU |
||
| 041 | _aara | ||
| 050 | 1 | 4 | _aGV342.T2 1980 |
| 100 | 3 |
_aترجمة نصيف، عبد علي, _eauthor _948872 |
|
| 245 | 0 | 0 | _aالتعليم الحركي الفصل الثالث |
| 250 | _aط1 | ||
| 264 | 3 | 1 | _aالعراق: وزارة التعليم العالي، 1980 |
| 300 | _a341ص | ||
| 336 |
_atext _btxt _2rdacontent |
||
| 337 |
_aunmediated _bn _2rdamedia |
||
| 338 |
_avolume _bnc _2rdacarrier |
||
| 650 | 4 |
_aالتعليم الحركي-رياضة _948873 |
|
| 999 |
_aA21431 _c24999 _d24999 |
||